El desarrollo de la economía chilena

Bewaard in:
Bibliografische gegevens
Coauteur: Comisión Económica para América Latina de las Naciones Unidas (Auteur)
Formaat: Boek
Taal:Spaans
Gepubliceerd in: Santiago Del Pacífico 1954
Onderwerpen:
Tags: Voeg label toe
Geen labels, Wees de eerste die dit record labelt!

MARC

LEADER 00000nam a2200000 a 4500
001 UCW9722
003 CL-VaPUC
008 890613e19540000CL |||||||||||||||||spa|d
082 0 4 |a 338.9  |b COM  |2 21 
110 2 |a Comisión Económica para América Latina de las Naciones Unidas  |e author  |9 315111 
245 1 3 |a El desarrollo de la economía chilena 
300 |a v 
942 |c BK 
945 |d 19890613 00:00:00 
260 |a Santiago  |b Del Pacífico  |c 1954 
500 |a v.1: Antecedentes sobre el desarrollo de la economía chilena 1925-1952 
650 7 |a ECONOMIA 1925-1952  |2 CL-VaPUC  |9 315112 
651 7 |a CHILE  |2 CL-VaPUC  |9 315113 
583 |a last modification  |c 19890613 00:00:00  |k Rodrigo Vera 
999 |c 221625  |d 221623 
952 |0 0  |1 0  |4 0  |6 338_900000000000000_COM_1954  |7 0  |8 A  |9 215271  |a BIBHIS  |b BIBHIS  |d 2019-11-15  |h v.1  |i 2837064  |o 338.9 COM 1954  |p 2837064  |r 2025-01-20  |w 2019-11-15  |y BK  |k HIS 
952 |0 0  |1 0  |4 0  |6 338_900000000000000_COM_1954  |7 0  |8 A  |9 215272  |a BIBHIS  |b BIBHIS  |d 2019-11-15  |h v.1  |i 2837072  |o 338.9 COM 1954  |p 2837072  |r 2025-01-20  |w 2019-11-15  |y BK  |k HIS 
952 |0 0  |1 0  |4 0  |6 338_900000000000000_COM_1954  |7 0  |8 A  |9 215273  |a BIBDER  |b BIBDER  |d 2019-11-15  |h v.1  |i 1821857  |o 338.9 COM 1954  |p 1821857  |r 2023-01-25  |w 2019-11-15  |y BK  |k DER